Joint Memorandum To Parliament By Hon. Kwasi Amoako-Attah(MP) Minister Of Roads And Highways And ken Ofori Atta Minister Of Finance On The Design And Construction Of Mamfe-Koforidua Touristic Scenic Route (Record no. 4712)

MARC details
000 -LEADER
fixed length control field 00757nam a22001817a 4500
003 - CONTROL NUMBER IDENTIFIER
control field OSt
005 - DATE AND TIME OF LATEST TRANSACTION
control field 20241111135618.0
008 - FIXED-LENGTH DATA ELEMENTS--GENERAL INFORMATION
fixed length control field 241111b |||||||| |||| 00| 0 eng d
041 ## - LANGUAGE CODE
Language code of text/sound track or separate title English
082 ## - DEWEY DECIMAL CLASSIFICATION NUMBER
Classification number PM?TSR/21 Acc No 10215
100 ## - MAIN ENTRY--PERSONAL NAME
Personal name Hon. KWASI Amoako-Attah And KEN Ofori Atta
110 ## - MAIN ENTRY--CORPORATE NAME
Corporate name or jurisdiction name as entry element (MP) Minister Of Roads And Highways And Minister Of Finance
245 ## - TITLE STATEMENT
Title Joint Memorandum To Parliament By Hon. Kwasi Amoako-Attah(MP) Minister Of Roads And Highways And ken Ofori Atta Minister Of Finance On The Design And Construction Of Mamfe-Koforidua Touristic Scenic Route
260 ## - PUBLICATION, DISTRIBUTION, ETC.
Place of publication, distribution, etc. Accra
Name of publisher, distributor, etc. Parliament Of Ghana
Date of publication, distribution, etc. 2021
300 ## - PHYSICAL DESCRIPTION
Extent 10p
650 ## - SUBJECT ADDED ENTRY--TOPICAL TERM
Source of heading or term The Design And Construction Of Mamfe-Koforidua Touristic Scenic Route
942 ## - ADDED ENTRY ELEMENTS (KOHA)
Source of classification or shelving scheme Dewey Decimal Classification
Koha item type Memorandum
Suppress in OPAC No
Holdings
Withdrawn status Lost status Source of classification or shelving scheme Damaged status Not for loan Home library Current library Shelving location Date acquired Total checkouts Full call number Date last seen Copy number Price effective from Koha item type
    Dewey Decimal Classification     Main Library Main Library Open Shelves 11/11/2024   PM?TSR/21 Acc No 10215 C1 11/11/2024 1 11/11/2024 Memorandum
    Dewey Decimal Classification     Main Library Main Library Open Shelves 11/11/2024   PM?TSR/21 Acc No 10216 C2 11/11/2024 2 11/11/2024 Memorandum
    Dewey Decimal Classification     Main Library Main Library Open Shelves 11/11/2024   PM?TSR/21 Acc No 10217 C3 11/11/2024 3 11/11/2024 Memorandum
©2026  Parliament of Ghana Library - All rights reserved